|
|
|
|
| LEADER |
00000nam a2200000 a 4500 |
| 005 |
20131009180452.0 |
| 007 |
cr|||| |||| |
| 008 |
021104c19879999ck fr| s|||| 0|||||spa|d |
| 022 |
|
|
|a 0121-2753
|
| 035 |
|
|
|a 11519
|
| 040 |
|
|
|a vLex
|
| 080 |
|
|
|a 37(05)
|
| 090 |
|
|
|c 4531
|d 4531
|
| 245 |
0 |
0 |
|a Itinerario educativo
|h [Recurso electrn̤ico] :
|b revista de la Facultad de Educacin̤
|
| 256 |
|
|
|a Servicio en ln̕ea
|
| 260 |
|
|
|a Bogot ̀:
|b Universidad de San Buenaventura,
|c 1987-
|
| 300 |
|
|
|a 1 recurso electrn̤co
|
| 310 |
|
|
|a Semestral
|
| 362 |
0 |
|
|a Nð 1 (ener. 1987)-
|
| 506 |
1 |
|
|a Contenido solo disponible en los productos indicados
|d vLex Global
|d vLex Global (Academic Edition, excluding Law Schools)
|d vLex Global (U.S. Academic Edition, Law Schools)
|d vLex Global (U.S. Academic Edition, excluding Law Schools)
|d vLex Global (Academic Edition, Law Schools)
|
| 650 |
0 |
4 |
|a Educacin̤
|x Revistas
|
| 650 |
0 |
4 |
|a Educacin̤
|z Colombia
|x Revistas
|
| 740 |
0 |
|
|a vLex Revistas (Servicio en ln̕ea)
|
| 856 |
4 |
0 |
|u http://vlex.com/source/itinerario-educativo-revista-la-facultad-educacion-11519
|z Acceso restringido
|
| 942 |
|
|
|c REV
|
| 999 |
0 |
|
|a Education
|